000 00869aam a2200313 4500
005 20260303175215.0
008 150522b2009 xxu||||| |||| 00| 0 spa d
020 _a9788497686228
041 _aESP
082 _a364.106 B165p
100 _aBajo Fernández,Miguel
_919088
100 _aBacigalupo, Silvina
_919089
245 _aPolítica criminal y blanqueo de capitales
260 _aEspaña
260 _bMarcial Pons
260 _c2009
300 _a252 páginas
490 _aInvestigación Criminal
650 _aNARCOTRÁFICO
650 _aLAVADO DE DINERO
650 _aBLANQUEO DE CAPITALES
650 _aLEGISLACIÓN PENAL
650 _aBIEN JURÍDICO
650 _aPARTICIPACIÓN DEL DELITO
650 _aPREVENCIÓN DEL BLANQUEO DE CAPITALES
650 _aMEDIDAS ADMINISTRATIVAS
650 _aPOLÍTICA CRIMINAL
942 _cBK
_2ddc
999 _c2209
_d2209